[Event "Match"]
[Site "www.echecsemail.com"]
[Date "2015.09.26"]
[Round "1"]
[White "Maredocla"]
[Black "Pinehill"]
[WhiteElo "1990"]
[BlackElo "1980"]
[Result "1-0"]
[Round "1"]
1.f4 Ng8f6
2.Ng1f3 e6
3.b3 d5
4.Bc1b2 Bf8e7
5.g3 c5
6.Bf1g2 Nb8c6
7.e3 O-O
8.Nf3e5 Nc6xe5
9.Bb2xe5 Bc8d7
10.c4 Bd7c6
11.cxd5 Nf6xd5
12.O-O f6
13.Be5b2 Nd5b4
14.Bg2xc6 Nb4xc6
15.Nb1c3 Qd8d3
16.Rf1f2 e5
17.Ra1c1 exf4
18.exf4 Ra8d8
19.Bb2a3 b6
20.Qd1e2 Rd8d7
21.Qe2e6 Kh8
22.Qe6xc6 Rf8d8
23.Qc6e4 Be7f8
24.Qe4xd3 Rd7xd3
25.Rc1c2 a6
26.Rf2e2 b5
27.Ba3b2 c4
28.bxc4 Bf8c5
29.Kg2 Bc5b4
30.cxb5 axb5
31.Nc3xb5 Bb4xd2
32.Bb2c3 Bd2e3
33.Bc3a5 Rd8a8
34.a4 h6
35.Ba5e1 Ra8xa4
36.Nb5c3 Ra4c4
37.Nc3a2 Rc4d4
38.Re2xe3 Rd3xe3
39.Be1f2 Re3d3
40.Bf2xd4 Rd3xd4
41.Na2c1 g5
42.Nc1e2 Rd4d8
43.Rc2c7 Rd8d2
44.Kf3 Rd2a2
45.Rc7f7 g4
46.Kf2 Ra2a6
47.f5 Kg8
48.Rf7e7 Ra6a5
49.Ne2f4 Ra5xf5
50.Ke3 Rf5e5
51.Re7xe5 fxe5
52.Nf4d5 Kf7
53.Ke4 Ke6
54.Nd5e3 h5
55.Ne3c4 Kf6
56.Nc4xe5 Kg5
57.Ne5d3 h4
58.Nd3f2 hxg3
59.hxg3 Kh5
60.Kf5 { resign }
1-0

[Event "Match"]
[Site "www.echecsemail.com"]
[Date "2015.09.26"]
[Round "1"]
[White "Darknight"]
[Black "Pariolinius"]
[WhiteElo "1590"]
[BlackElo "1970"]
[Result "0-1"]
[Round "1"]
1.e4 c5
2.Bf1c4 e6
3.a3 Nb8c6
4.c3 Ng8f6
5.d3 Bf8d6
6.h3 O-O
7.f4 Bd6c7
8.e5 Nf6d5
9.h4 d6
10.exd6 Bc7xd6
11.Ng1e2 Rf8e8
12.Nb1d2 Nd5e3
13.Qd1b3 Ne3xg2
14.Kd1 Ng2e3
15.Ke1 Ne3xc4
16.dxc4 Qd8f6
17.Nd2e4 Qf6e7
18.Bc1e3 b6
19.Qb3c2 Bd6c7
20.O-O-O Bc8a6
21.b3 h6
22.Rd1g1 Ba6b7
23.Rh1h2 Kh8
24.Ne4d2 Ra8d8
25.Nd2b1 e5
26.f5 e4
27.Rh2h1 Nc6e5
28.Ne2f4 Ne5d3
29.Nf4xd3 exd3
30.Qc2f2 Bb7xh1
31.Kd2 Bh1e4
32.Be3f4 Bc7xf4
33.Qf2xf4 Be4xf5
34.Qf4f3 Qe7e2
35.Qf3xe2 dxe2
36.Ke1 Rd8d1
{ resign }
0-1

[Event "Match"]
[Site "www.echecsemail.com"]
[Date "2015.09.26"]
[Round "1"]
[White "Cristiano"]
[Black "Orae"]
[WhiteElo "1980"]
[BlackElo "1850"]
[Result "1-0"]
[Round "1"]
1.e4 e5
2.f4 Qd8h4
3.g3 Qh4f6
4.d3 Nb8c6
5.Ng1f3 b6
6.a3 Bc8b7
7.Bf1g2 O-O-O
8.Nb1c3 exf4
9.Bc1xf4 Bf8d6
10.Bf4g5 Qf6e6
11.Bg5xd8 Nc6xd8
12.O-O Ng8f6
13.Kh1 Bb7a6
14.Nf3d4 Qe6e5
15.Nd4f5 g6
16.Nf5xd6 Qe5xd6
17.Qd1f3 Nf6h5
18.Nc3d5 Rh8f8
19.Ra1e1 Ba6b7
20.g4 Nh5g7
21.Rf1f2 Bb7xd5
22.exd5 f5
23.gxf5 Rf8xf5
24.Qf3e2 Rf5h5
25.Bg2e4 Rh5e5
26.c4 a5
27.d4 Ng7f5
28.dxe5 Qd6xe5
29.Be4xf5 Qe5g7
30.Bf5h3 Kb7
31.Qe2e7 Qg7g8
32.Qe7xd7 { resign }
1-0

[Event "Match"]
[Site "www.echecsemail.com"]
[Date "2015.09.26"]
[Round "1"]
[White "Rindrandria"]
[Black "Ranjachess"]
[WhiteElo "1550"]
[BlackElo "1740"]
[Result "0-1"]
[Round "1"]
1.e4 e5
2.Qd1h5 Qd8f6
3.Bf1c4 Bf8c5
4.Bc4xf7 Qf6xf7
5.Qh5xe5 Qf7e7
6.Qe5xc7 Nb8c6
7.Qc7g3 Qe7xe4
8.Ng1e2 Qe4xc2
9.O-O Qc2g6
10.Rf1e1 Ng8e7
11.Qg3h4 O-O
12.Qh4c4 d5
13.Qc4xc5 b6
14.Qc5c3 Bc8g4
15.f3 Bg4xf3
16.Ne2g3 Bf3e4
17.d4 Ne7f5
18.Ng3xe4 dxe4
19.Re1xe4 Nf5xd4
20.Qc3c4 Kh8
21.Bc1e3 Qg6xe4
22.Be3f2 Nd4f3
23.gxf3 Qe4xc4
24.Nb1d2 Qc4e2
25.Ra1c1 Qe2xd2
26.Rc1xc6 Qd2d1
27.Kg2 Qd1xf3
28.Kg1 Qf3xf2
29.Kh1 Qf2f1

0-1

[Event "Match"]
[Site "www.echecsemail.com"]
[Date "2015.09.26"]
[Round "1"]
[White "Bojan"]
[Black "Pinehill"]
[WhiteElo "1900"]
[BlackElo "1970"]
[Result "0-1"]
[Round "1"]
1.e4 d5
2.exd5 Ng8f6
3.c4 e6
4.dxe6 Bc8xe6
5.f3 Bf8c5
6.Nb1c3 Qd8e7
7.Qd1e2 Nb8c6
8.Kd1 O-O-O
9.d3 Rh8e8
10.b3 Qe7d7
11.Qe2c2 Be6f5
12.Bc1d2 Nc6b4
13.Qc2b1 Nb4xd3
14.Bf1xd3 Bf5xd3
15.Qb1b2 Bd3f1
16.Ng1e2 Bf1xg2
17.Rh1e1 Bg2xf3
18.Kc2 Qd7xd2
{ resign }
0-1

[Event "Match"]
[Site "www.echecsemail.com"]
[Date "2015.09.26"]
[Round "1"]
[White "Gimmyg"]
[Black "Ericleo1980"]
[WhiteElo "2390"]
[BlackElo "2250"]
[Result "1-0"]
[Round "1"]
1.d4 d5
2.Bc1f4 Bc8f5
3.e3 e6
4.a3 a5
5.Ng1f3 Bf8d6
6.Bf4g3 Bd6xg3
7.hxg3 Nb8d7
8.c4 Ng8f6
9.Nb1c3 c6
10.Nf3h4 dxc4
11.Nh4xf5 exf5
12.Bf1xc4 b5
13.Bc4a2 Nd7b6
14.Qd1c2 Qd8d7
15.Nc3e2 O-O
16.O-O Nb6d5
17.Ne2c1 Nf6g4
18.Rf1e1 Rf8e8
19.Nc1d3 Qd7e6
20.Nd3f4 Qe6h6
21.Ba2xd5 cxd5
22.Qc2xf5 Qh6h2
23.Kf1 Ng4f6
24.Ke2 Nf6e4
25.Re1h1 g6
26.Qf5g4 h5
27.Qg4f3 { resign }
1-0

[Event "Match"]
[Site "www.echecsemail.com"]
[Date "2015.09.26"]
[Round "1"]
[White "Wagner"]
[Black "Orae"]
[WhiteElo "1670"]
[BlackElo "1940"]
[Result "0-1"]
[Round "1"]
1.Ng1f3 Nb8c6
2.d4 g6
3.Bc1d2 Bf8g7
4.Bd2b4 Nc6xb4
5.c3 Nb4c6
6.d5 Nc6a5
7.b3 d6
8.b4 Na5c4
9.Qd1c2 Ng8f6
10.e3 Nc4e5
11.Nf3xe5 dxe5
12.c4 Bc8f5
13.Qc2a4 Bf5d7
14.b5 O-O
15.Bf1e2 e4
16.Nb1c3 Nf6e8
17.Nc3xe4 Bg7xa1
18.g4 a6
19.Qa4b3 Ba1e5
20.f4 Be5g7
21.h4 b6
22.g5 Bd7f5
23.Ne4g3 Ne8d6
24.h5 axb5
25.cxb5 Bf5e4
26.Rh1h3 Qd8d7
27.Rh3h2 Ra8a5
28.a4 Ra5a8
29.Qb3b4 Be4xd5
30.Be2d3 Qd7g4
31.Ng3f1 e5
32.Bd3e2 Qg4e6
33.Be2d3 e4
34.Bd3c2 Rf8c8
35.Nf1g3 c6
36.Qb4b1 Bg7c3
37.Kd1 Qe6g4
38.Ng3e2 Nd6c4
39.Rh2h1 Nc4xe3
40.Kc1 Qg4xe2
41.Rh1d1 Ne3xd1
42.Bc2xd1 Qe2d2
{ resign }
0-1

[Event "Tourn. n8303"]
[Site "www.chess-mail.com"]
[Date "2015.09.27"]
[Round "1"]
[White "Panham"]
[Black "Comrade"]
[WhiteElo "1980"]
[BlackElo "2090"]
[Result "1-0"]
[Round "1"]
1.d4 d5
2.c4 dxc4
3.Ng1f3 e6
4.e3 Ng8f6
5.Bf1xc4 c5
6.O-O Nb8c6
7.Nb1c3 a6
8.a4 Bc8d7
9.Nf3e5 Bf8d6
10.Ne5xd7 Qd8xd7
11.dxc5 Bd6xc5
12.Qd1xd7 Nf6xd7
13.Rf1d1 Ra8d8
14.Nc3e4 O-O
15.Ne4xc5 Nd7xc5
16.Bc1d2 Nc5e4
17.Bd2e1 Nc6e5
18.Bc4e2 Rd8xd1
19.Ra1xd1 Rf8c8
20.f3 Ne4c5
21.Rd1c1 Rc8c6
22.Rc1d1 g6
23.f4 Nc5xa4
24.fxe5 Na4xb2
25.Rd1d7 Rc6c1
26.Kf2 b5
27.Be1d2 Rc1c2
28.e4 Nb2c4
29.Bd2h6 f5
30.Rd7c7 a5
31.Rc7g7 Kh8
32.Rg7e7 Kg8
33.Re7xe6 a4
34.Re6f6 Nc4xe5
35.Rf6f8 
1-0

[Event "Tourn. n8360"]
[Site "www.chess-mail.com"]
[Date "2015.09.27"]
[Round "1"]
[White "Fres"]
[Black "Hdr"]
[WhiteElo "1929"]
[BlackElo "1640"]
[Result "0-1"]
[Round "1"]
1.d4 e6
2.e4 d5
3.Nb1c3 Bf8b4
4.Bf1d3 dxe4
5.Bd3xe4 Ng8f6
6.Bc1g5 Nb8d7
7.Be4d3 h6
8.Bg5d2 O-O
 { time }
0-1

[Event "Tourn. n8372"]
[Site "www.chess-mail.com"]
[Date "2015.09.27"]
[Round "1"]
[White "Bojan"]
[Black "Julian"]
[WhiteElo "1950"]
[BlackElo "1820"]
[Result "1-0"]
[Round "1"]
1.e4 c5
2.Ng1f3 d6
3.d4 cxd4
4.Nf3xd4 Ng8f6
5.Nb1c3 a6
6.Bc1f4 e5
7.Bf4e3 exd4
8.Be3xd4 Bf8e7
9.Qd1f3 O-O
10.h3 Nb8c6
11.Bd4e3 Nc6e5
12.Qf3g3 Ne5g6
13.Bf1c4 Bc8e6
14.Bc4xe6 fxe6
15.h4 Ng6e5
16.Ra1d1 b5
17.a3 Ra8c8
18.Be3d4 Nf6h5
19.Qg3h2 Ne5g4
20.Qh2h3 Ng4f6
21.Bd4e3 Qd8d7
22.e5 Nf6d5
23.Nc3xd5 Rc8xc2
24.O-O Be7d8
25.b4 dxe5
26.Nd5f6 Nh5xf6
27.Rd1xd7 Nf6xd7
28.Qh3xe6 { resign }
1-0

[Event "Tourn. n8390"]
[Site "www.chess-mail.com"]
[Date "2015.09.27"]
[Round "1"]
[White "Liencam2"]
[Black "Jaroslavpech"]
[WhiteElo "2290"]
[BlackElo "2210"]
[Result "1-0"]
[Round "1"]
1.e4 d5
2.exd5 Ng8f6
3.d4 Nf6xd5
4.Bf1b5 c6
5.Bb5e2 Bc8f5
6.a3 b5
7.Ng1f3 e6
8.b3 Bf8d6
{ time. }
1-0

[Event "Tourn. n8355"]
[Site "www.chess-mail.com"]
[Date "2015.09.27"]
[Round "1"]
[White "Panamski"]
[Black "Traub"]
[WhiteElo "2160"]
[BlackElo "1800"]
[Result "1-0"]
[Round "1"]
1.c4 e5
2.Nb1c3 Ng8f6
3.e4 Bf8b4
4.d3 c5
5.Bc1d2 O-O
6.Ng1f3 d6
7.Bf1e2 h6
8.O-O Nf6h7
9.Nc3d5 Bb4xd2
10.Qd1xd2 f5
11.b4 cxb4
12.Qd2xb4 Nb8c6
13.Qb4d2 fxe4
14.dxe4 Nh7f6
15.Nd5xf6 Qd8xf6
16.Qd2d5 Kh7
17.Ra1d1 Rf8d8
18.Qd5b5  { time }
1-0

[Event "Tourn. n8337"]
[Site "www.chess-mail.com"]
[Date "2015.09.27"]
[Round "1"]
[White "Ruko"]
[Black "Bluetealeaf"]
[WhiteElo "1880"]
[BlackElo "1750"]
[Result "1-0"]
[Round "1"]
1.e4 e5
2.Ng1f3 f6
3.Nf3xe5 Qd8e7
4.Ne5f3 Qe7xe4
5.Bf1e2 Bf8c5
6.O-O d6
7.Be2b5 c6
8.Rf1e1 Qe4xe1
9.Qd1xe1 Ng8e7
10.Bb5a4 Nb8d7
11.d4 Bc5b6
12.Bc1f4 Bb6c7
13.Nb1c3 b5
14.Ba4b3 g5
15.Bf4g3 Bc8b7
16.Qe1e6 O-O-O
17.Qe6xe7 Rd8e8
18.Qe7g7 Re8f8
19.Bb3e6 Rf8d8
20.Be6xd7 Kb8
21.Bd7f5 a6
22.Qg7xf6 h6
23.Ra1e1 Rd8f8
24.Qf6g6 b4
25.Nc3e4 Rf8d8
26.Ne4xd6 Bc7xd6
27.Bg3xd6 Ka7
28.Bd6c5 Ka8
29.Bf5d3 a5
30.Re1e7 Rd8b8
31.Qg6xc6 Rh8c8
32.Qc6a6 { resign }
1-0

[Event "Tourn. n8322"]
[Site "www.chess-mail.com"]
[Date "2015.09.27"]
[Round "1"]
[White "Estonia"]
[Black "Odin"]
[WhiteElo "1809"]
[BlackElo "1840"]
[Result "1-0"]
[Round "1"]
1.d4 d5
2.c4 c6
3.Nb1c3 Ng8f6
4.e3 Bc8f5
5.Ng1f3 Nb8d7
6.cxd5 cxd5
7.Bf1b5 a6
8.Bb5d3 Bf5g4
9.h3 Bg4h5
10.Bd3e2 Nf6e4
11.O-O e6
12.Nf3d2 Bh5g6
13.Nd2xe4 Bf8e7
14.Ne4g3 O-O
15.f4 h6
16.Be2d3 Be7h4
17.Nc3e2 Nd7f6
18.Bd3xg6 fxg6
19.Qd1c2 Ra8c8
20.Qc2xg6 Qd8e8
21.Qg6xe8 Rf8xe8
22.Kh2 Rc8c2
23.Ne2c3 b5
24.a3 Re8b8
25.f5 Rb8b6
26.e4 Bh4xg3
27.Kxg3 exf5
28.exf5 Nf6h5
29.Kf3 Nh5f6
30.Rf1f2 Rc2xf2
31.Kxf2 a5
32.b4 a4
33.Bc1b2 Kf7
34.Ra1e1 g6
35.fxg6 Kxg6
36.Re1e7 h5
37.Kf3 Nf6h7
38.Nc3xd5 Rb6d6
39.Nd5f4 Kh6
40.Re7e6 Rd6xe6
41.Nf4xe6 Nh7f6
42.g4 Nf6d5
43.Ne6f4 Nd5b6
44.Nf4xh5 Nb6c4
45.Bb2c1 Kg6
46.h4 Nc4d6
47.Nh5f4 Kh7
48.Nf4e6 Kg6
49.Kf4 Nd6f7
50.h5 Kf6
51.d5 Nf7d6
52.g5 Kf7
53.Ne6c7 Ke7
54.g6 Kf8
55.h6 Kg8
56.Bc1b2 Nd6e8
57.Nc7xe8 { resign }
1-0

[Event "Match"]
[Site "www.echecsemail.com"]
[Date "2015.09.27"]
[Round "1"]
[White "Fkarpov"]
[Black "Emerchess"]
[WhiteElo "2100"]
[BlackElo "1299"]
[Result "0-1"]
[Round "1"]
1.e4 e6
2.d4 d5
3.e5 c5
4.Ng1f3 cxd4
5.Nf3xd4 Ng8e7
6.Bc1g5 Qd8b6
7.b3 Ne7c6
8.Bf1b5 Bc8d7
9.Bg5e3 Qb6c7
10.f4 Bf8b4
11.c3 Bb4e7
12.O-O O-O
13.Nb1d2 Nc6xd4
14.Bb5xd7 Qc7xc3
15.Be3xd4 Qc3xd4
{ resign }
0-1

[Event "Match"]
[Site "www.echecsemail.com"]
[Date "2015.09.27"]
[Round "1"]
[White "Coraza"]
[Black "Gilliere"]
[WhiteElo "1789"]
[BlackElo "1790"]
[Result "1-0"]
[Round "1"]
1.e4 e5
2.Ng1f3 d6
3.Bf1c4 h6
4.c3 Ng8f6
5.Qd1b3 Qd8e7
6.d4 exd4
7.O-O Nb8c6
8.Nb1d2 a6
9.cxd4 b5
10.Bc4d5 Nf6xd5
11.Qb3xd5 Bc8b7
12.Rf1e1 O-O-O
13.Qd5f5 Kb8
14.a3 Bb7c8
15.Qf5d5 Bc8b7
16.Qd5b3 g5
17.d5 Nc6e5
18.Nf3d4 Bf8g7
19.a4 Ne5c4
20.Nd4f5 Nc4xd2
21.Bc1xd2 Qe7f8
22.Nf5xg7 Qf8xg7
23.Bd2c3 f6
24.Re1e3 c5
25.axb5 axb5
26.Qb3xb5 Rd8d7
27.Re3f3 Rh8f8
28.Qb5b6 Qg7e7
29.Qb6a7 Kc8
30.b4 Qe7xe4
31.Rf3e3 Qe4xd5
32.f3 Kd8
33.b5 Rd7c7
34.Qa7b8 Rc7c8
35.Bc3a5 Kd7
36.Qb8a7 Rc8a8
37.Qa7b6 Rf8c8
38.Ra1e1 Rc8e8
39.Qb6c7 
1-0

[Event "Match"]
[Site "www.echecsemail.com"]
[Date "2015.09.27"]
[Round "1"]
[White "Coraza8091"]
[Black "Bojan"]
[WhiteElo "1659"]
[BlackElo "1970"]
[Result "0-1"]
[Round "1"]
1.e4 e5
2.Qd1f3 Qd8f6
3.Qf3xf6 Ng8xf6
4.Nb1c3 b6
5.Ng1f3 Bf8d6
6.Bf1c4 O-O
7.d3 Nb8c6
8.Bc1g5 Nf6h5
9.g3 h6
10.g4 Nh5f4
11.Bg5xf4 exf4
12.O-O-O Nc6a5
13.g5 Na5xc4
14.dxc4 hxg5
15.Nf3xg5 f6
16.Ng5h3 Bd6e5
17.Nc3e2 d5
18.cxd5 Bc8xh3
19.c3 Bh3g2
20.Rh1g1 Bg2xe4
21.h4 Be5d6
22.Ne2d4 Be4xd5
23.Nd4f5 Bd5f3
24.Rd1d2 Bd6e5
25.Nf5xg7 Kh8
26.Ng7e6 Rf8g8
27.Rg1e1 Ra8e8
28.Ne6d4 Bf3h5
29.Nd4c6 a5
30.Rd2d7 Rg8g7
31.Rd7d1 Bh5xd1
32.Re1xd1 Rg7g2
33.f3 Re8e6
34.Rd1d8 Kh7
35.Rd8d7 Rg2g7
36.Rd7xg7 Kxg7
37.Nc6d8 Re6d6
38.Nd8b7 Rd6d7
39.Kc2 c6
40.Nb7xa5 bxa5
41.Kb3 Rd7d3
42.Ka4 Be5c7
43.c4 Rd3xf3
44.c5 Rf3g3
45.b4 axb4
46.Kxb4 f3
{ resign }
0-1

[Event "Match"]
[Site "www.echecsemail.com"]
[Date "2015.09.27"]
[Round "1"]
[White "Dimos40"]
[Black "Coraza"]
[WhiteElo "1849"]
[BlackElo "1750"]
[Result "1-0"]
[Round "1"]
1.e4 e5
2.Ng1f3 Nb8c6
3.d4 Bf8b4
4.c3 Bb4a5
5.d5 Nc6e7
6.Nf3xe5 Ng8f6
7.Bf1d3 O-O
8.Bc1g5 d6
9.Ne5c4 Ba5b6
10.Bg5xf6 gxf6
11.Nc4xb6 axb6
12.O-O Kh8
13.Nb1d2 Rf8g8
14.Qd1h5 Rg8g7
15.f4 Bc8g4
16.Qh5h4 Ne7g8
17.f5 c5
18.Rf1f4 Bg4xf5
19.Rf4xf5 Rg7g6
20.Rf5h5 Rg6g7
21.e5 Qd8e7
22.Rh5xh7 { resign }
1-0

[Event "Match"]
[Site "www.echecsemail.com"]
[Date "2015.09.27"]
[Round "1"]
[White "Coraza"]
[Black "Pariolinius"]
[WhiteElo "1789"]
[BlackElo "1790"]
[Result "1-0"]
[Round "1"]
1.e4 c5
2.Ng1f3 Nb8c6
3.Bf1c4 e6
4.O-O Bf8e7
5.d4 cxd4
6.Nf3xd4 e5
7.Nd4xc6 bxc6
8.Qd1f3 Ng8f6
9.Nb1c3 O-O
10.a3 Bc8b7
11.Qf3g3 Kh8
12.b4 Qd8c7
13.Bc1g5 h6
14.Bg5xf6 Be7xf6
15.Nc3e2 Rf8g8
16.Bc4xf7 Rg8f8
17.Bf7b3 Bb7a6
18.c4 d6
19.Ne2c3 Qc7e7
20.b5 cxb5
21.Nc3d5 Qe7d8
22.Nd5b4 Ba6b7
23.f3 Bf6h4
24.Qg3h3 Bb7c8
25.g4 h5
26.Nb4c6 Qd8f6
27.cxb5 hxg4
28.fxg4 Qf6g5
29.Bb3d1 Bc8e6
30.Rf1xf8 Ra8xf8
31.Nc6xa7 Kg8
32.b6 Bh4f2
33.Kh1 Bf2xb6
34.Na7b5 Qg5d2
35.Bd1f3 Qd2e3
36.Bf3g2 Qe3e2
37.a4 Be6xg4
38.Qh3b3 Kh8
39.Nb5xd6 Rf8f2
40.Ra1g1 Bg4f3
41.Nd6f7 Kh7
42.Nf7g5 Kh8
43.Ng5f7 Kh7
44.Nf7g5 Kh6
45.Ng5xf3 Bb6d4
46.Qb3e6 g6
47.Qe6e8 Kg7
48.Qe8e7 Kh6
49.Qe7f8 { resign }
1-0

[Event "Match"]
[Site "www.echecsemail.com"]
[Date "2015.09.27"]
[Round "1"]
[White "Vinvangogh"]
[Black "Daquata"]
[WhiteElo "1480"]
[BlackElo "1660"]
[Result "0-1"]
[Round "1"]
1.e4 e5
2.Ng1f3 Nb8c6
3.Bf1b5 a6
4.Bb5c4 Bf8c5
5.d4 exd4
6.Bc1g5 Ng8e7
7.Nf3h4 d6
8.c3 dxc3
9.Bc4xf7 Kxf7
10.Qd1f3 Ke8
11.Nb1xc3 Rh8f8
12.Qf3h5 g6
13.Qh5xh7 Bc5xf2
14.Ke2 Bc8g4
15.Kd3 Bf2xh4
16.Qh7xh4 Rf8f7
17.Qh4xg4 Nc6e5
18.Kc2 Ne5xg4
19.Rh1e1 Qd8d7
20.Ra1d1 O-O-O
21.Rd1d4 Ng4e5
22.a4 Qd7g4
23.Bg5e3 Qg4xg2
24.Re1e2 Qg2f3
25.b4 Ne7c6
26.Rd4d5 Nc6xb4
27.Kb3 Nb4xd5
28.Nc3xd5 Qf3xe2
29.Nd5e7 Kb8
30.Be3c1 Rf7xe7
31.Kb4 Ne5d3
32.Ka5 Nd3xc1
33.Kb4 Re7xe4
34.Ka3 Qe2a2
{ resign }
0-1

[Event "1/128 Finale"]
[Site "www.chess-mail.com"]
[Date "2015.09.27"]
[Round "1"]
[White "Ffdd65"]
[Black "Rocadamica"]
[WhiteElo "2210"]
[BlackElo "2690"]
[Result "0-1"]
[Round "1"]
1.e4 c5
2.d4 cxd4
3.Qd1xd4 Nb8c6
4.Qd4e3 Ng8f6
5.h3 d5
6.Nb1d2 e5
7.c3 dxe4
8.Nd2xe4 Nf6d5
9.Qe3d2 Bf8e7
10.Bf1b5 a6
11.Bb5xc6 bxc6
12.Ng1f3 f5
13.Ne4g3 Qd8c7
14.Ng3e2 O-O
15.Qd2c2 f4
16.c4 Nd5b4
17.Qc2d1 e4
18.Bc1xf4 Rf8xf4
19.Ne2xf4 Qc7xf4
20.g3 Qf4f6
21.Nf3d2 Nb4d3
{ resign }
0-1

[Event "1/128 Finale"]
[Site "www.chess-mail.com"]
[Date "2015.09.27"]
[Round "1"]
[White "Giupiter"]
[Black "Giupitre"]
[WhiteElo "1509"]
[BlackElo "1509"]
[Result "1-0"]
[Round "1"]
1.e4 c6
2.d4 d6
3.Nb1c3 Ng8f6
4.Ng1f3 Bc8g4
5.Bf1e2 e6
6.h3 Bg4xf3
7.Be2xf3 d5
8.O-O Bf8b4
9.e5 Nf6d7
10.Bc1d2 Nd7b6
11.a3 Bb4e7
12.Bd2e3 Nb6c4
13.b4 Be7g5
14.Qd1c1 h6
15.Bf3e2 Nc4xe3
16.fxe3 Nb8d7
17.Be2h5 g6
18.Bh5g4  { time }
1-0

[Event "1/32 Finale"]
[Site "www.chess-mail.com"]
[Date "2015.09.27"]
[Round "1"]
[White "Schwiizer"]
[Black "Derfel83"]
[WhiteElo "2770"]
[BlackElo "1980"]
[Result "1-0"]
[Round "1"]
1.e4 e6
2.d4 d5
3.Nb1c3 Bf8b4
4.e5 Ng8e7
5.Bc1d2 Ne7f5
6.Bf1d3 c5
7.Bd3xf5 exf5
8.Nc3b5 Qd8g5
9.Bd2xb4 cxb4
10.Nb5c7 { resign }
1-0

[Event "Tourn. n8384"]
[Site "www.chess-mail.com"]
[Date "2015.09.28"]
[Round "1"]
[White "Scasan55"]
[Black "Vasylpuzanov"]
[WhiteElo "2040"]
[BlackElo "2290"]
[Result "1-0"]
[Round "1"]
1.e4 c5
2.c3 d5
3.exd5 Qd8xd5
4.d4 cxd4
5.Qd1xd4 Ng8f6
6.Qd4xd5 Nf6xd5
7.Bf1b5 Bc8d7
8.Bb5xd7 Nb8xd7
9.Ng1f3 e5
10.O-O Bf8c5
11.Rf1e1  { time }
1-0

[Event "Tourn. n8397"]
[Site "www.chess-mail.com"]
[Date "2015.09.28"]
[Round "1"]
[White "Louis"]
[Black "Culiflori"]
[WhiteElo "1870"]
[BlackElo "2050"]
[Result "0-1"]
[Round "1"]
1.c4 Ng8f6
2.Ng1f3 d6
3.g3 g6
4.Bf1g2 Bf8g7
5.O-O c5
6.Nb1c3 Nb8c6
7.d4 cxd4
8.Nf3xd4 O-O
9.Nd4xc6 bxc6
10.Bg2xc6 Ra8b8
11.Bc6g2 Qd8c7
12.b3 Bc8b7
{ resign }
0-1

[Event "Tourn. n8397"]
[Site "www.chess-mail.com"]
[Date "2015.09.28"]
[Round "1"]
[White "Culiflori"]
[Black "Cristiano"]
[WhiteElo "2050"]
[BlackElo "2010"]
[Result "1/2-1/2"]
[Round "1"]
1.e4 c5
2.Ng1f3 d6
3.d4 cxd4
4.Nf3xd4 Ng8f6
5.Nb1c3 a6
6.Bf1e2 e6
7.Bc1g5 Bf8e7
8.O-O O-O
9.f4 Nb8d7
10.a4 Qd8b6
11.a5 Qb6c7
12.Kh1 h6
13.Bg5h4 Nd7c5
14.Be2f3 Ra8b8
15.Qd1e2 e5
16.fxe5 dxe5
17.Nd4b3 Bc8e6
18.Nb3xc5 Qc7xc5
19.Bh4xf6 Be7xf6
20.Rf1d1 Rf8d8
21.h3 Rd8xd1
22.Qe2xd1 Rb8d8
23.Qd1e2 Be6c4
24.Qe2e1 Bf6g5
25.Nc3d5 Bc4b5
26.c3 Bb5c4
27.b4 Qc5d6
28.Ra1d1 Bc4b3
29.Rd1b1 Bb3c4
30.h4 Bg5e7
31.Rb1d1 Bc4b3
32.Rd1d2 g6
33.Bf3d1 Bb3xd5
34.Rd2xd5 Qd6f6
35.Rd5xd8 Be7xd8
36.g3 b5
37.Kg2 Kg7
38.Qe1e3 Qf6d6
39.Bd1b3 Qd6c7
40.Qe3f3 Qc7d7
41.Qf3e3 Qd7c7
42.Qe3d3 Bd8f6
43.Qd3d5 h5
44.Qd5d3 Bf6e7
45.Bb3d5 Qc7d6
46.Qd3e3 Qd6c7
47.Qe3f3 Be7f6
48.Qf3d3 Bf6e7
49.Qd3e3 Be7d8
50.Qe3d3 Bd8f6
51.Qd3e3 Bf6d8
52.Qe3d3 Bd8f6
53.Qd3e3 Bf6d8

1/2-1/2

[Event "Tourn. n8385"]
[Site "www.chess-mail.com"]
[Date "2015.09.28"]
[Round "1"]
[White "Capitaine"]
[Black "Seger"]
[WhiteElo "2380"]
[BlackElo "2750"]
[Result "1/2-1/2"]
[Round "1"]
1.e4 c5
2.Ng1f3 d6
3.d4 cxd4
4.Nf3xd4 Nb8c6
5.Nb1c3 e5
6.Nd4b3 Bf8e7
7.Bf1c4 Ng8f6
8.Bc1g5 O-O
9.O-O Bc8e6
10.Bc4xe6 fxe6
11.Rf1e1 h6
12.Bg5xf6 Rf8xf6
13.Re1e2 a6
{ draw }
1/2-1/2

[Event "Tourn. n8355"]
[Site "www.chess-mail.com"]
[Date "2015.09.28"]
[Round "1"]
[White "Falcoale"]
[Black "Traub"]
[WhiteElo "1930"]
[BlackElo "1800"]
[Result "1-0"]
[Round "1"]
1.e4 d5
2.exd5 Qd8xd5
3.Nb1c3 Qd5d6
4.d4 e6
5.Ng1f3 Ng8f6
6.Bf1c4 c5
7.O-O a6
8.a3 b5
9.Bc4a2 Nb8c6
10.dxc5 Qd6xc5
11.Bc1e3 Qc5h5
12.Qd1d2 Bc8b7
13.Ra1d1 Ra8d8
14.Qd2e2 Nc6e5
15.Nf3xe5 Qh5xe5
16.Rd1xd8  { time }
1-0

[Event "Tourn. n8398"]
[Site "www.chess-mail.com"]
[Date "2015.09.28"]
[Round "1"]
[White "Umzi"]
[Black "Norlavuaram"]
[WhiteElo "2130"]
[BlackElo "2100"]
[Result "0-1"]
[Round "1"]
1.e4 e5
2.Ng1f3 Nb8c6
3.Bf1b5 a6
4.Bb5xc6 dxc6
5.d3 f6
6.O-O Bf8d6
7.c3 Bc8g4
8.Bc1e3 c5
9.Nb1d2 Ng8e7
10.Qd1b3 b6
11.h3 Bg4h5
12.g4 Bh5f7
13.Qb3c2 O-O
14.Ra1d1 b5
15.d4 cxd4
16.cxd4 exd4
17.Nf3xd4 Qd8c8
18.b3 h5
19.f3 hxg4
20.fxg4 Qc8b7
21.Nd2f3 Ra8c8
22.Nd4f5 Ne7xf5
23.gxf5 Rf8e8
24.Nf3d2 Bd6b4
25.Rf1f4 Rc8d8
26.Rf4g4 Bf7h5
27.Nd2f1 Rd8xd1
28.Qc2xd1 Bh5xg4
29.Qd1xg4 Qb7xe4
30.Qg4g6 Re8d8
31.Be3h6 Bb4c5
{ resign }
0-1

[Event "Tourn. n8336"]
[Site "www.chess-mail.com"]
[Date "2015.09.28"]
[Round "1"]
[White "Loper10"]
[Black "Sonivano"]
[WhiteElo "2600"]
[BlackElo "2320"]
[Result "1-0"]
[Round "1"]
1.e4 e5
2.Ng1f3 Nb8c6
3.Bf1b5 a6
4.Bb5a4 Ng8f6
5.d3 d6
6.O-O Bf8e7
7.c3 O-O
8.Rf1e1 Bc8g4
9.Nb1d2 b5
10.Ba4b3 Nc6a5
11.Bb3c2 c5
12.Nd2f1 Na5c6
13.Nf1e3 Bg4e6
14.a4 b4
15.d4 cxd4
16.cxd4 exd4
17.Ne3f5 Be6xf5
18.exf5 Qd8b6
19.Bc1f4 Rf8e8
20.a5 Qb6a7
21.Bc2a4 Re8c8
22.Ba4b3 Nf6h5
23.Bb3xf7 Kxf7
24.Nf3g5 Be7xg5
25.Qd1xh5 Kg8
26.Qh5xg5 d5
27.Re1e6 Qa7f7
28.f6 h6
29.Qg5xd5 { resign }
1-0

[Event "Tourn. n8370"]
[Site "www.chess-mail.com"]
[Date "2015.09.28"]
[Round "1"]
[White "Amaya"]
[Black "Sfalcao"]
[WhiteElo "1920"]
[BlackElo "1920"]
[Result "1/2-1/2"]
[Round "1"]
1.d4 Ng8f6
2.e3 g6
3.Bf1d3 Bf8g7
4.Nb1d2 O-O
5.f4 d5
6.Ng1f3 Nb8c6
7.c3 Bc8g4
8.O-O Qd8d7
9.Qd1e1 Bg4f5
10.e4 dxe4
11.Nd2xe4 b6
12.Nf3e5 Nc6xe5
13.fxe5 Nf6xe4
14.Bd3xe4 Bf5xe4
15.Qe1xe4 c6
16.Rf1f3 f6
17.Bc1f4 fxe5
18.dxe5 e6
19.Ra1d1 Qd7xd1
20.Rf3f1 Rf8xf4
{ draw }
1/2-1/2

[Event "Tourn. n8398"]
[Site "www.chess-mail.com"]
[Date "2015.09.28"]
[Round "1"]
[White "Norlavuaram"]
[Black "Luban"]
[WhiteElo "2100"]
[BlackElo "2140"]
[Result "1/2-1/2"]
[Round "1"]
1.e4 c5
2.Ng1f3 d6
3.Bf1b5 Bc8d7
4.Bb5xd7 Qd8xd7
5.O-O e6
6.c4 Nb8c6
7.Nb1c3 a6
8.d4 cxd4
9.Nf3xd4 Ng8f6
10.Bc1e3 Bf8e7
11.Ra1c1 O-O
12.Qd1e2 Ra8c8
13.b3 d5
14.exd5 exd5
15.cxd5 Nf6xd5
16.Nc3xd5 Qd7xd5
17.Nd4xc6 Rc8xc6
18.Rc1xc6 { draw }
1/2-1/2

[Event "Tourn. n8387"]
[Site "www.chess-mail.com"]
[Date "2015.09.28"]
[Round "1"]
[White "Huw"]
[Black "Nugun"]
[WhiteElo "1639"]
[BlackElo "1700"]
[Result "1-0"]
[Round "1"]
1.d4 Ng8f6
2.c4 e6
3.Ng1f3 b6
4.Nb1c3 Bc8b7
5.Bc1g5 h6
6.Bg5h4 Bf8d6
7.e3 c5
8.Nc3b5  { time }
1-0

[Event "Match"]
[Site "www.echecsemail.com"]
[Date "2015.09.28"]
[Round "1"]
[White "Add"]
[Black "Tbsundar"]
[WhiteElo "2020"]
[BlackElo "2070"]
[Result "0-1"]
[Round "1"]
1.e4 e5
2.Ng1f3 Nb8c6
3.d4 exd4
4.Nf3xd4 Bf8c5
5.Nd4f3 d6
6.Bf1c4 Ng8f6
7.Nb1c3 O-O
8.Bc1g5 Bc8g4
9.h3 Bg4xf3
10.gxf3 Nc6e5
11.Qd1e2 c6
12.O-O-O b5
13.Bc4b3 h6
14.Bg5h4 Ne5g6
15.Bh4g3 Nf6h5
16.Bg3h2 Qd8h4
17.Bh2xd6 Nh5f4
18.Bd6xf4 Ng6xf4
19.Qe2f1 Bc5xf2
20.Nc3e2 a5
21.c3 a4
22.Bb3c2 a3
23.b3 b4
24.c4 Bf2e3
25.Kb1 Qh4f6
26.Ne2xf4 Qf6b2
{ resign }
0-1

[Event "Match"]
[Site "www.echecsemail.com"]
[Date "2015.09.28"]
[Round "1"]
[White "Acucar1"]
[Black "Mrmoto"]
[WhiteElo "1420"]
[BlackElo "1560"]
[Result "1-0"]
[Round "1"]
1.e4 e6
2.Nb1c3 d5
3.f3 d4
4.Nc3a4 e5
5.c3 c5
6.Bf1c4 a6
7.Qd1b3 Bc8d7
8.Ng1e2 b5
9.Bc4xf7 Ke7
10.Na4xc5 Qd8c7
11.Nc5xd7 Nb8xd7
12.Qb3e6 Kd8
13.Qe6e8 { resign }
1-0

[Event "Match"]
[Site "www.echecsemail.com"]
[Date "2015.09.28"]
[Round "1"]
[White "Daquata"]
[Black "Wagner"]
[WhiteElo "1820"]
[BlackElo "1690"]
[Result "1-0"]
[Round "1"]
1.e4 e5
2.Ng1f3 Qd8f6
3.Nb1c3 c6
4.d4 exd4
5.Nf3xd4 Bf8c5
6.Bc1e3 d6
7.Bf1e2 Qf6g6
8.O-O d5
9.exd5 Bc5d6
10.dxc6 bxc6
11.Be2f3 Bc8b7
12.Rf1e1 Ng8e7
13.Nc3e4 h5
14.Ne4xd6 Qg6xd6
15.Qd1e2 Nb8d7
16.Ra1d1 Qd6f6
17.Be3f4 O-O-O
18.Qe2xe7 Qf6xe7
19.Re1xe7 Rd8e8
20.Re7xf7 Bb7a6
21.Nd4xc6 Re8d8
22.Nc6xd8 Rh8xd8
23.Bf4g5 Ba6b5
24.Bg5xd8 { resign }
1-0